000 00895nam a22002777a 4500
003 CHAP
005 20220329135428.0
008 971013s1936 r 00010 d
010 _a36312
011 _a37284
035 _a41403
040 _cCHAP
082 _a338.175657
_bM47
110 _aMéxico. Departamento de Estadística Agrícola
_976910
245 _aEstadística sobre garbanzo, decenio 1924-1925 a 1933-934
260 _aMéxico, D.F. :
_bSecretaría de Agricultura y Fomento,
_c1936
300 _a125 p.
_b: ilus
590 _aBATCH-UPD
_b10
_c20130110
_lUCH01
_h2128
590 _aBATCH-UPD
_b10
_c20130410
_lUCH01
_h1438
590 _aBATCH-UPD
_b10
_c20130914
_lUCH01
_h1526
590 _aCONVERSION
_b10
_c20130109
_lUCH01
_h1320
650 1 4 _aGarbanzo
_xEstadísticas.
_945606
901 _aBK
942 _cLIBRO
949 _a338.175657 M47
_bBC
_cLIBRO
_d-94759
_eLIBRO
_i41403
_si
999 _c36312
_d36312